| 000 | 00456nam a2200169Ia 4500 | ||
|---|---|---|---|
| 005 | 20250508150813.0 | ||
| 008 | 008 250505s9999 xx 000 0 eng d | ||
| 037 | _aBooks to be hide in OPAC | ||
| 040 |
_aFEDL _beng _cFEDL |
||
| 041 |
_aeng _2eng |
||
| 084 |
_a378.54, IND _qFEDL |
||
| 245 | 0 | _aEducation in the universities of India 1916-47 | |
| 260 | _c1949 | ||
| 300 | _a98p. | ||
| 942 |
_cHB _h378.54, IND |
||
| 999 |
_c1325756 _d1325756 |
||